[Event "HUN-chT2 Barcza 1112 "]
[Site "Hungary"]
[Date "2011.10.30"]
[Round "2"]
[White "Belteczky, Marton"]
[Black "Demeter, Vilmos"]
[Result "0-1"]
[WhiteElo "2019"]
[BlackElo "1862"]
[PlyCount "113"]
[EventDate "2011.09.25"]
[EventType "team-tourn"]
[EventRounds "11"]
[EventCountry "HUN"]
[SourceTitle "EXT 2013"]
[Source "ChessBase"]
[SourceDate "2012.11.22"]
[SourceVersion "1"]
[SourceVersionDate "2012.11.22"]
[SourceQuality "1"]
[WhiteTeam "Piremon"]
[BlackTeam "Debrecen Betu"]
[WhiteTeamCountry "HUN"]
[BlackTeamCountry "HUN"]

1. d4 Nf6 2. Bg5 e6 3. e4 Be7 4. Bd3 c5 5. dxc5 Qa5+ 6. Nc3 Qxc5 7. Be3 Qa5 8. Nf3 Nc6 9. 0-0 a6 10. Nd4 0-0 11. Nb3 Qd8 12. f4 d5 13. e5 d4 14. exf6 Bxf6 15. Rf3 dxc3 16. Bxh7+ Kh8 17. Bd3 g6 18. Rh3+ Kg8 19. bxc3 Bxc3 20. Bc5 Re8 21. Bxg6 Qxd1+ 22. Rxd1 Bg7 23. Bh7+ Kh8 24. Rdd3 e5 25. f5 e4 26. Rdg3 Bd7 27. Rh5 Re5 28. Bg8+ Kxg8 29. Rhg5 Rxf5 30. Rxg7+ Kh8 31. R7g4 Rh5 32. Rxe4 Be6 33. Ba3 Rd8 34. Bb2+ Kh7 35. Ree3 Rd1+ 36. Kf2 Rxh2 37. Rg7+ Kh6 38. Reg3 Bxb3 39. axb3 Rhh1 40. Bc3 Nd4 41. Rg8 Kh7 42. R3g4 Rhf1+ 43. Ke3 Nf5+ 44. Ke2 f6 45. Rb8 Rd7 46. Rgg8 Rc1 47. Rh8+ Kg6 48. Rbg8+ Ng7 49. Ke3 Rxc2 50. Bd4 Rxg2 51. Kf3 Rg5 52. Be3 Rb5 53. Rf8 Nf5 54. Bf4 Rxb3+ 55. Kg4 Ne3+ 56. Kh3 Nd5+ 57. Bg3 0-1

[Event "HUN-chT2 Barcza 0708"]
[Site "Hungary"]
[Date "2007.11.25"]
[Round "3"]
[White "Belteczky, Marton"]
[Black "Hegedus, Gyorgy"]
[Result "1/2-1/2"]
[WhiteElo "2042"]
[BlackElo "2139"]
[PlyCount "47"]
[EventDate "2007.10.14"]
[EventType "team"]
[EventRounds "11"]
[EventCountry "HUN"]
[SourceTitle "EXT 2009"]
[Source "ChessBase"]
[SourceDate "2008.11.26"]
[SourceVersion "1"]
[SourceVersionDate "2008.11.26"]
[SourceQuality "1"]
[WhiteTeam "Piremon"]
[BlackTeam "Debrecen Betu"]
[WhiteTeamCountry "HUN"]
[BlackTeamCountry "HUN"]

1. d4 d5 2. c4 c6 3. Nf3 Nf6 4. Nc3 e6 5. cxd5 exd5 6. Bg5 Nbd7 7. e3 Bd6 8. Bd3 0-0 9. 0-0 Qb6 10. Qc2 g6 11. Rae1 Kg7 12. Qd2 h6 13. Bf4 Qc7 14. Bxd6 Qxd6 15. Qc2 Re8 16. a3 Nf8 17. Ne5 Be6 18. f4 N6d7 19. Ne2 f5 20. Rf3 Nf6 21. Ng3 Ne4 22. Be2 Nd7 23. Nxe4 dxe4 24. Rf2 1/2-1/2

[Event "HUN-chT2 Barcza 0708"]
[Site "Hungary"]
[Date "2007.10.14"]
[Round "1"]
[White "Hatala, Csaba Laszlo"]
[Black "Belteczky, Marton"]
[Result "0-1"]
[WhiteElo "1988"]
[BlackElo "2042"]
[PlyCount "62"]
[EventDate "2007.10.14"]
[EventType "team"]
[EventRounds "11"]
[EventCountry "HUN"]
[SourceTitle "EXT 2009"]
[Source "ChessBase"]
[SourceDate "2008.11.26"]
[SourceVersion "1"]
[SourceVersionDate "2008.11.26"]
[SourceQuality "1"]
[WhiteTeam "Miskolc II"]
[BlackTeam "Piremon"]
[WhiteTeamCountry "HUN"]
[BlackTeamCountry "HUN"]

1. g3 d5 2. Bg2 f5 3. d3 Nf6 4. Nd2 c6 5. e3 Nbd7 6. Qe2 Qa5 7. c3 e6 8. e4 fxe4 9. dxe4 e5 10. Ngf3 Bd6 11. 0-0 0-0 12. Ng5 b6 13. Rd1 Ba6 14. Qf3 Nxe4 15. Ngxe4 Rxf3 16. Bxf3 dxe4 17. Nxe4 Rf8 18. Bg4 Bc5 19. Be6+ Kh8 20. Rxd7 Qb5 21. c4 Qb4 22. Bd2 Qxb2 23. Bc3 Bxf2+ 24. Kh1 Qe2 25. Ng5 Bc5 26. Rf7 h6 27. Bxe5 Rxf7 28. Nxf7+ Kh7 29. Bf5+ g6 30. Bh3 Bxc4 31. Rf1 Bd5+ 0-1

[Event "HUN-chT2 Barcza 0607"]
[Site "Hungary"]
[Date "2007.05.20"]
[Round "11"]
[White "Belteczky, Marton"]
[Black "Mizik, Tamas"]
[Result "0-1"]
[WhiteElo "2007"]
[BlackElo "2063"]
[PlyCount "72"]
[EventDate "2006.11.12"]
[EventType "team"]
[EventRounds "11"]
[EventCountry "HUN"]
[SourceTitle "EXT 2008"]
[Source "ChessBase"]
[SourceDate "2007.11.25"]
[SourceVersion "1"]
[SourceVersionDate "2007.11.25"]
[SourceQuality "1"]
[WhiteTeam "Piremon"]
[BlackTeam "Tiszavasvar"]
[WhiteTeamCountry "HUN"]
[BlackTeamCountry "HUN"]

1. d4 Nf6 2. c4 e6 3. Nc3 Bb4 4. e3 0-0 5. Bd3 d5 6. Bd2 c5 7. Nf3 Nc6 8. dxc5 Bxc5 9. a3 dxc4 10. Bxc4 a6 11. Rc1 Bd6 12. 0-0 b5 13. Be2 Bb7 14. Ng5 Ne5 15. f4 Nc4 16. Bxc4 bxc4 17. e4 Bc5+ 18. Kh1 h6 19. e5 Nd5 20. Nxd5 Bxd5 21. Nf3 Rb8 22. Qc2 Qb6 23. Bc3 Be3 24. Rcd1 Bxf4 25. Bd4 Qc6 26. Qe2 Be4 27. Ne1 Bg5 28. Be3 Bxe3 29. Qxe3 Rxb2 30. Nf3 Bxf3 31. gxf3 Rb3 32. Qf4 Rfb8 33. Rd6 Qb7 34. h4 Rb1 35. Rdd1 c3 36. Rxb1 Qxb1 0-1